Statystyki dla Państwa z największą liczbą krów

Kliknij tutaj aby rozwiązać quiz!

Ogólne statystyki

  • Ten quiz został rozwiązany 14 477 razy
    (6 348 od ostatniego zresetowania)
  • Średni wynik to 8 z 15

Statystyki odpowiedzi

KrowyKraj% Poprawnych
94,8 mlnStany Zjednoczone
94%
63,5 mlnChiny
93%
193 mlnIndie
90%
215 mlnBrazylia
80%
54,5 mlnArgentyna
73%
35,2 mlnMeksyk
69%
24,7 mlnAustralia
61%
27,2 mlnKolumbia
44%
47,8 mlnPakistan
43%
24,2 mlnBangladesz
29%
63,3 mlnEtiopia
20%
20,9 mlnKenia
20%
31,5 mlnSudan
15%
27,8 mlnTanzania
13%
30,6 mlnCzad
11%

Rozkład punktacji

Percentyl według liczby udzielonych odpowiedzi

Procent ludzi z każdym wynikiem

Twoja historia wyników

Nie rozwiązałeś tego quizu od ostatniego zresetowania